The Outer heliosphere (Record no. 14652)

MARC details
000 -LEADER
fixed length control field 00728nam a2200241Ia 4500
003 - CONTROL NUMBER IDENTIFIER
control field IN-BaIIA
008 - FIXED-LENGTH DATA ELEMENTS--GENERAL INFORMATION
fixed length control field 211028s9999 xx 000 0 eng d
020 ## - INTERNATIONAL STANDARD BOOK NUMBER
International Standard Book Number 3-9804862-3-0
040 ## - CATALOGING SOURCE
Transcribing agency IIA Library
080 ## - UNIVERSAL DECIMAL CLASSIFICATION NUMBER
Universal Decimal Classification number 523.31
Item number THE
245 #4 - TITLE STATEMENT
Title The Outer heliosphere
Remainder of title beyond the planets
Statement of responsibility, etc. edited by K. Scherer, Horst Fichtner and Eckart Marsch
260 ## - PUBLICATION, DISTRIBUTION, ETC.
Place of publication, distribution, etc. Germany
Name of publisher, distributor, etc. Copernicus Gesellschaft
Date of publication, distribution, etc. 2000
300 ## - PHYSICAL DESCRIPTION
Extent xii, 436p.
650 ## - SUBJECT ADDED ENTRY--TOPICAL TERM
Topical term or geographic name entry element Cosmic rays
650 ## - SUBJECT ADDED ENTRY--TOPICAL TERM
Topical term or geographic name entry element Detectors
9 (RLIN) 9465
650 ## - SUBJECT ADDED ENTRY--TOPICAL TERM
Topical term or geographic name entry element Interplanetary space
9 (RLIN) 26138
650 ## - SUBJECT ADDED ENTRY--TOPICAL TERM
Topical term or geographic name entry element Neutral atoms
9 (RLIN) 26139
650 ## - SUBJECT ADDED ENTRY--TOPICAL TERM
Topical term or geographic name entry element Solar system
700 ## - ADDED ENTRY--PERSONAL NAME
Personal name Fichtner, Horst, ed.
9 (RLIN) 26140
700 ## - ADDED ENTRY--PERSONAL NAME
Personal name Marsch, Eckart., ed.
9 (RLIN) 26141
700 ## - ADDED ENTRY--PERSONAL NAME
Personal name Scherer, K., ed.
9 (RLIN) 26142
942 ## - ADDED ENTRY ELEMENTS (KOHA)
Koha item type Books
Holdings
Withdrawn status Lost status Damaged status Not for loan Home library Current library Shelving location Date acquired Total Checkouts Full call number Barcode Date last seen Price effective from Koha item type
        IIA Library-Bangalore IIA Library-Bangalore General Stacks 31/05/2002   523.31/ THE 15574 05/11/2021 31/05/2002 Books

Powered by Koha